Arktická stratégia Fínska

Medzinárodná spolupráca v Arktíde má svoje počiatky v ministerskom stretnutí v Rovaniemi vo Fínsku v roku 1991. Činnosť Fínska v rámci Arktickej rady a program jej aktuálneho predsedníctva na roky 2017 – 2019. Fínske arktické stratégie, predovšetkým aktuálne platná stratégia z roku 2013 a novelizova...

Descripción completa

Guardado en:
Detalles Bibliográficos
Autor principal: Harakaľová, Dorota, 1989-
Formato: Capítulo de libro
Lenguaje:eslovaco
Etiquetas: Agregar Etiqueta
Sin Etiquetas, Sea el primero en etiquetar este registro!

MARC

LEADER 00000naa$a2200000$$$4500
001 0249526
005 20240502074006.2
041 0 |a slo 
044 |a SK 
245 1 0 |a Arktická stratégia Fínska  |c Dorota Harakaľová 
520 |a Medzinárodná spolupráca v Arktíde má svoje počiatky v ministerskom stretnutí v Rovaniemi vo Fínsku v roku 1991. Činnosť Fínska v rámci Arktickej rady a program jej aktuálneho predsedníctva na roky 2017 – 2019. Fínske arktické stratégie, predovšetkým aktuálne platná stratégia z roku 2013 a novelizovaná v roku 2016. 
100 1 |a Harakaľová, Dorota, 1989-